Visit of the institution to Scotland, 23rd and 24th May 1907 (Record no. 99775)

MARC details
000 -LEADER
fixed length control field 00549cam a22001815a 4500
001 - CONTROL NUMBER
control field ##J100718
008 - FIXED-LENGTH DATA ELEMENTS--GENERAL INFORMATION
fixed length control field 000000s1907 000 0 eng u
035 ## - SYSTEM CONTROL NUMBER
System control number (Sirsi) u100718
041 0# - LANGUAGE CODE
Language code of text/sound track or separate title eng
050 04 - LIBRARY OF CONGRESS CALL NUMBER
Classification number 942.273 $2 22
110 2# - MAIN ENTRY--CORPORATE NAME
Corporate name or jurisdiction name as entry element Surveyors' Institution
9 (RLIN) 3783
245 00 - TITLE STATEMENT
Title Visit of the institution to Scotland, 23rd and 24th May 1907
Remainder of title handbook and general programme of arrangements
260 ## - PUBLICATION, DISTRIBUTION, ETC.
Place of publication, distribution, etc. [S.l.]
Name of publisher, distributor, etc. [s.n.
Date of publication, distribution, etc. 1907
300 ## - PHYSICAL DESCRIPTION
Extent 23p.
Other physical details maps
Dimensions 21cm.
651 #4 - SUBJECT ADDED ENTRY--GEOGRAPHIC NAME
Geographic name Great Britain
Chronological subdivision 1707-
690 ## - LOCAL SUBJECT ADDED ENTRY--TOPICAL TERM (OCLC, RLIN)
Topical term or geographic name as entry element RICS SERVICES-RICS EVENTS
942 ## - ADDED ENTRY ELEMENTS (KOHA)
Suppress in OPAC 0
Holdings
Withdrawn status Lost status Source of classification or shelving scheme Damaged status Not for loan Home library Current library Shelving location Date acquired Total Checkouts Full call number Barcode Date last seen Copy number Price effective from Koha item type
    Dewey Decimal Classification     Historic collection Historic collection RICS Boxes 22/10/1999   RICS 1907/3 30059311 06/08/2019 1 06/08/2019 Archive